01382 2200505 4500001002100000005001500021035002000036007000300056008004100059020002200100082001100122084001700133100001600150245007000166250001000236260003000246300003100276500004600307650002000353700001100373990001800384990001800402990001800420990001800438990002100456990002100477990002100498990002100519990002100540990002100561990002100582990002100603990002100624990002100645990002100666990002100687990002100708990002100729990002100750990002100771990002100792990002100813990002100834990002100855INLIS00000000068871920161219104652 a0010-1216000186ta161219 a 0 ind  a978-979-29-5837-9 a011.62 a011.62 WAR p0 aWarner Bros1 aPengayaan Matematika untuk TK /cWarner Bros ; penerjemah, Ariata aEd. I aYogyakarta :bANDI,c2016 a80 hlm. :bilus. ;c28 cm. aJudul Asli : Kindergarten Enrichment Math aMatematika Anak0 aAriata a3224/BWI/2016 a3224/BWI/2016 a3224/BWI/2016 a3224/BWI/2016 a0013227/BWI/2016 a0013224/BWI/2016 a0013225/BWI/2016 a0013226/BWI/2016 a0013226/BWI/2016 a0013224/BWI/2016 a0013225/BWI/2016 a0013227/BWI/2016 a0013225/BWI/2016 a0013224/BWI/2016 a0013226/BWI/2016 a0013227/BWI/2016 a0013224/BWI/2016 a0013225/BWI/2016 a0013226/BWI/2016 a0013227/BWI/2016 a0013226/BWI/2016 a0013224/BWI/2016 a0013225/BWI/2016 a0013227/BWI/2016